| 000 | 00592cam a2200205 4500500 | ||
|---|---|---|---|
| 005 | 20260405001900.0 | ||
| 041 | _afre | ||
| 042 | _adc | ||
| 100 | 1 | 0 |
_aPiringer, Bernd _eauthor |
| 245 | 0 | 0 | _aÜberpasta alla Zarathoustra |
| 260 | _c2014. | ||
| 500 | _a88 | ||
| 690 | _aBernd Piringer | ||
| 690 | _aCuisine | ||
| 690 | _aNietzsche | ||
| 690 | _aRecette | ||
| 690 | _aZarathoustra | ||
| 786 | 0 | _nPhilosophie magazine | 84 | 11 | 2014-11-01 | p. 88-88 | 1951-1787 | |
| 856 | 4 | 1 | _uhttps://shs.cairn.info/magazine-philosophie-magazine-2014-11-page-88?lang=fr&redirect-ssocas=7080 |
| 999 |
_c2051981 _d2051981 |
||